El delito de apropiación indebida: administración desleal. Una visión de la doctrina y jurisprudencia

محفوظ في:
التفاصيل البيبلوغرافية
المؤلف الرئيسي: Cueto Etcheberry, Germán (مؤلف)
التنسيق: كتاب
اللغة:الإسبانية
منشور في: Santiago Jurídicas de Santiago 2005
الطبعة:1a. ed
الموضوعات:
الوسوم: إضافة وسم
لا توجد وسوم, كن أول من يضع وسما على هذه التسجيلة!

MARC

LEADER 00000nam a2200000 a 4500
001 UCK9750
003 CL-VaPUC
008 060531e20050000CL |||||||||||||||||spa|d
020 |a 9568285121 
082 0 4 |a 364.14  |b CUE  |2 21 
100 0 |a Cueto Etcheberry, Germán  |e author  |9 499642 
245 1 3 |a El delito de apropiación indebida: administración desleal. Una visión de la doctrina y jurisprudencia 
250 |a 1a. ed 
300 |a 534 p 
942 |c BK 
945 |d 20060531 00:00:00  |a jtorresc 
260 |a Santiago  |b Jurídicas de Santiago  |c 2005 
650 0 |a Apropiación ilícita de bienes  |x Derecho  |9 256516 
650 0 |a Propiedad   |9 255268 
650 7 |a DERECHO PENAL  |2 CL-VaPUC  |9 11 
651 7 |a CHILE  |2 CL-VaPUC  |9 499643 
583 |a last modification  |c 20060531 00:00:00  |k Rodrigo Vera 
999 |c 316814  |d 316812 
952 |0 0  |1 0  |4 0  |6 364_140000000000000_CUE_2005  |7 0  |8 A  |9 392271  |a BIBDER  |b BIBDER  |d 2019-11-22  |i 4236785  |l 6  |o 364.14 CUE 2005  |p 4236785  |r 2024-03-20  |s 2024-03-11  |w 2019-11-22  |y BK  |k DER